Basic Christianity (Record no. 3731)

MARC details
000 -LEADER
fixed length control field 00342nam a22001457a 4500
008 - FIXED-LENGTH DATA ELEMENTS--GENERAL INFORMATION
fixed length control field 250602b |||||||| |||| 00| 0 eng d
020 ## - INTERNATIONAL STANDARD BOOK NUMBER
ISBN 9781844749089
100 ## - MAIN ENTRY--AUTHOR
Author Scott John
245 ## - TITLE STATEMENT
Title Basic Christianity
260 ## - PUBLICATION, DISTRIBUTION, ETC. (IMPRINT)
Place of publication England
Name of publisher Inter-Verrsity Press
Date of publication 2008
300 ## - COLLATION
Pagination 192p
650 ## - TRACINGS
Main Subject theology
942 ## - ADDED ENTRY ELEMENTS (KOHA)
Item type Books
050 ## - LIBRARY OF CONGRESS CALL NUMBER
Classification number BT77
Item number .S76
Holdings
Source of classification or shelving scheme Not for loan Permanent location Current location Date acquired Accession No. Full call number Barcode. Koha item type
Library of Congress Classification   Samuel Ogbemudia Main Library, University of Abuja Samuel Ogbemudia Main Library, University of Abuja 06/02/2025 2025/6484849 BT77.S76 2025-2290 Books
Library of Congress Classification   Samuel Ogbemudia Main Library, University of Abuja Samuel Ogbemudia Main Library, University of Abuja 06/02/2025 2025/6484849 BT77.S76 2025-2291 Books